Pays d'Europe en 1852 - Statistiques

Statistiques générales
  • Ce quiz a été pris 106 fois
  • Le résultat moyen est 15 sur 26
Réponses sur la Carte
Les réponses sont colorées sur une échelle allant du rouge au vert en fonction du pourcentage des utilisateurs qui les ont devinées à leur premier essai. Vous pouvez retrouver ces pourcentages ci-dessous.
 
Statistiques - réponses
Réponse % Correct
Espagne
99%
France
99%
Royaume Uni
99%
Belgique
98%
Russie
96%
Pays bas
93%
Suisse
93%
Autriche
89%
Grèce
88%
Prusse
87%
Empire Ottoman
78%
Sardaigne
67%
Sicile
67%
Bavière
64%
Danemark
60%
Saxe
44%
Toscane
41%
Vatican
41%
Bade
24%
Hanovre
20%
Wurtemberg
18%
Hesse
17%
Parme
13%
Modène
10%
Mecklembourg
7%
Oldenbourg
6%
Aucun quiz correspondant
Distribution des résultats
% des personnes avec chaque résultat
Percentile par nombre de réponses
Votre historique - résultats
Vous n’avez pas pris ce quiz